000 00621nam a2200241Ia 4500
003 OSt
005 20220918182539.0
006 a|||||r|||| 00| 0
007 ta
008 220917b |||||||| |||| 00| 0 eng d
024 _a32,941
037 _cTextual
040 _aARTS
_cARTS
_beng
041 _2eng
_aeng
082 _aO111,2J64,55:g, M2
100 _aBrown J R
_960502
245 0 _aFocus om Macbeth
260 _aLondon
_bRoutledge
_c1982
300 _a258p.
_ccm.
650 _aENGLISH LITERATURE
942 _hO111,2J64,55:g, M2
_cTEXL
_2CC
999 _c169325
_d169325